000 01190nam0a22003131 4500
001 rc\4274885
005 20260531083440.0
021 _aRU
_b[65-99944]
035 _a(NLR Aleph) 008491155
090 _a8050900
_c8050900
100 _a20130416d1965 |||y0rusy50 ca
101 0 _arus
102 _aRU
105 _aa j |||||
200 1 _aГидрометрия
_e[Учебник для гидрометеорол. ин-тов и геогр. фак. ун-тов]
205 _a2-е изд., перераб. и доп.
210 _aЛенинград
_cГидрометеоиздат
_d1965
215 _a499 с., 3 л. граф.
_cил.
_d22
300 _aАвт. 1-го изд.: В.Д. Быков
320 _aБиблиогр.: с. 481-484
606 _aГидрометрия
_jУчебники и пособия
_2psbo
700 1 _aБыков
_bВ.Д.
_gВасилий Дмитриевич
701 1 _7ca
_8rus
_aВасильев
_bА. В.
_cинженер-гидролог
_gАндрей Васильевич
_9161444
_3RU\NLR\AUTH\770161488
801 0 _aRU
_bNLR
_gpsbo
801 1 _aRU
_bELAR
_2rusmarc
852 _aNLR
_j66-5/72
942 _cBOOK
980 _aNB